Family life and social control : a sociological perspective
Saved in:
| Main Author: | |
|---|---|
| Format: | Book |
| Language: | English |
| Published: |
London :
Macmillan Press,
c1996
|
| Subjects: | |
| Tags: |
Add Tag
No Tags, Be the first to tag this record!
|
MARC
| LEADER | 00000nam a2200000 i 4500 | ||
|---|---|---|---|
| 001 | 1/26645 | ||
| 008 | 980209s1996 eng d | ||
| 020 | |a 0-333-60464-4 | ||
| 035 | |a 1995 |b 3 |c Αγορά/Βιτσιλάκη |l 10037630 | ||
| 040 | |a GR-MY-UA |b gre |e aacr | ||
| 041 | 0 | |a eng | |
| 082 | 0 | |a 306.85 | |
| 100 | 1 | |a Rodger, John J. | |
| 245 | 1 | 0 | |a Family life and social control : |b a sociological perspective / |c John J. Rodger ; Consultant editor Jo Campling |
| 260 | |a London : |b Macmillan Press, |c c1996 | ||
| 300 | |a 229 p. | ||
| 504 | |a Includes bibliographical references and index | ||
| 650 | 0 | 0 | |a Family policy |z Great Britain. |
| 650 | 0 | 0 | |a Family social work |z Great Britain. |
| 650 | 0 | 0 | |a Family |z Great Britain. |
| 650 | 0 | 0 | |a Problem families |z Great Britain. |
| 650 | 0 | 0 | |a Social control |z Great Britain. |
| 650 | 0 | 0 | |a Family. |
| 650 | 0 | 0 | |a Social policy. |
| 650 | 0 | 0 | |a Social control. |
| 852 | |a INST |b LESVOS |e 19981217 |h 306.85 ROD |p 005100017158 |q 005100017158 |t BK |y 0 | ||
| 852 | |a INST |b RHODES |e 19980209 |h 306.85 ROD |p 005400011257 |q 005400011257 |t BK |y 0 | ||
| 901 | |a BIBL-1998-1 | ||
| 909 | |a Λ |b 060839 | ||
| 909 | |a Ρ |b 050793 |c 1995 | ||
| 922 | |a 1ΕΛΗ |b 199811 |c ΚΠΣ/ΤΚ |d ΠΑΠΑΣΩΤΗΡΙΟΥ | ||
| 950 | |a 103-1998-07-27 | ||